Poruchy funkce kloubů končetin a jejich terapie. [2], Obrazová příloha /

Main Author: Rychlíková, Eva, 1934-
Language: Czech
Published: Praha : Triton, 1994
Edition: 1. vyd.
Online Access: Digitalizovaný dokument
Physical Description: [70] s. : il. ; 21 cm
Book
Saved in:
LEADER 01233nam a2200301 a 4500
001 000015968
003 CZ BrMZK
005 20190604065954.0
007 ta
008 950101s1994 xr f cze d
015 |a cnb000103407 
020 |a 80-85875-08-X 
040 |a BOA001  |b cze 
080 |a 616.72-08(084)  |2 MRF 
100 1 |a Rychlíková, Eva,  |d 1934-  |7 jk01103315 
245 1 0 |a Poruchy funkce kloubů končetin a jejich terapie.  |n [2], Obrazová příloha /  |c Eva Rychlíková 
250 |a 1. vyd. 
260 |a Praha :  |b Triton,  |c 1994 
300 |a [70] s. :  |b il. ;  |c 21 cm 
500 |a Dostupné též v digitální podobě v aplikaci Kramerius 
653 0 |a klouby  |a končetiny  |a páteř 
856 4 1 |u http://www.digitalniknihovna.cz/mzk/uuid/uuid:dc1efdb0-86b2-11e9-852b-005056827e51  |y Digitalizovaný dokument  |x NDK 
910 |a BOA001  |b 2-1005.116,2 
962 |a 616.7 
990 |a BK 
996 7 |b 2610016304  |c 2-1005.116,2  |l MZK  |r Sklad / do 1 hodiny  |n 16  |p p.v.  |w 000015968  |u 000010  |a 1  |e BOA001  |j MZK50  |s A 
996 6 |b 2610018475  |c 2-1005.116,2  |l MZK  |r Sklad / do 1 hodiny  |n 2  |p kup  |w 000015968  |u 000020  |a 1  |e BOA001  |j MZK50  |s P 
996 7 |b 2610021102  |c 2-1005.116,2  |l MZK  |r Sklad / do 1 hodiny  |n 8  |p kup  |w 000015968  |u 000030  |a 1  |e BOA001  |j MZK50  |s A